¿ Por qué es importante conservar el patrimonio cultural, histórico y arqueológico de nuestro país? /

Spremljeno u:
Bibliografski detalji
Glavni autor: Arrea, Floria
Autor kompanije: Universidad de Costa Rica. Vicerrectoría de Acción Social. Escuela de Antropología y Sociología. Departamento de Antropología
Daljnji autori: Arias, Ana C.
Format: Tekst
Izdano: San José: Oficina de Publicaciones
Teme:
Oznake: Dodaj oznaku
Bez oznaka, Budi prvi tko označuje ovaj zapis!

MARC

LEADER 00000 a a2200000 04500
001 28136
003
040
090 |a CIDCACS-CR: 187700  
100 |a Arrea, Floria  
110 |a Universidad de Costa Rica. Vicerrectoría de Acción Social. Escuela de Antropología y Sociología. Departamento de Antropología  
245 |a ¿ Por qué es importante conservar el patrimonio cultural, histórico y arqueológico de nuestro país? /  |c Floria Arrea 
260 |a San José:   |b Oficina de Publicaciones  
300 |a 30 p  
650 |a PROTECCION DEL PATRIMONIO CULTURAL  
650 |a PATRIMONIO CULTURAL  
650 |a LEGISLACION  
650 |a CONVENIOS  
650 |a ASPECTOS EDUCATIVOS  
700 |a Arias, Ana C.  
999 |c 669  |d 669